MARINA Lyrics - Statistics

General Stats
  • This quiz has been taken 410 times
  • The average score is 9 of 14
Answer Stats
Lyrics Song % Correct
Got a figure like a pin-up, got a figure like a doll Bubblegum Bitch
95%
TV taught me how to feelNow real life has no appeal Oh No!
93%
Hollywood infected your brainYou wanted kissing in the rain Hollywood
88%
They say I'm a control freakDriven by a greed to succeed Are You Satisfied?
82%
Fill the void up with celluloidTake a picture, I'm with the boys Primadonna
79%
One man can build a bomb, another run a race Savages
66%
Sunday, wake up, Give me a cigarette Obsessions
65%
Used to be a major scaleBut the melody went stale Seventeen
62%
What's the point in playing a game you're gonna lose? Lies
53%
Sometimes, I ignore you, so I feel in control Starring Role
53%
The missiles and the bombssound like symphonies gone wrong To Be Human
50%
Heartbreaker, real fakerGetting off on bad behaviour Karma
47%
Sold my soul and, yeah, the truth hurts Sex Yeah
43%
But I can never escapeThe war inside my skull Pandora's Box
30%
No matching quizzes found
Score Distribution
Percent of People with Each Score
Percentile by Number Answered
Your Score History
You have not taken this quiz